<?xml version="1.0" encoding="UTF-8"?>
<record
    xmlns:xsi="http://www.w3.org/2001/XMLSchema-instance"
    xsi:schemaLocation="http://www.loc.gov/MARC21/slim http://www.loc.gov/standards/marcxml/schema/MARC21slim.xsd"
    xmlns="http://www.loc.gov/MARC21/slim">

  <leader>00681nam a22001937a 4500</leader>
  <datafield tag="999" ind1=" " ind2=" ">
    <subfield code="c">194177</subfield>
    <subfield code="d">194177</subfield>
  </datafield>
  <controlfield tag="005">20221209112352.0</controlfield>
  <datafield tag="010" ind1=" " ind2=" ">
    <subfield code="a">UR-11780</subfield>
  </datafield>
  <datafield tag="020" ind1=" " ind2=" ">
    <subfield code="a">9789392496141</subfield>
    <subfield code="c">138.00</subfield>
  </datafield>
  <datafield tag="035" ind1=" " ind2=" ">
    <subfield code="a">U-10335</subfield>
  </datafield>
  <datafield tag="037" ind1=" " ind2=" ">
    <subfield code="b">DBAD/PUB</subfield>
    <subfield code="a">-</subfield>
  </datafield>
  <datafield tag="082" ind1=" " ind2=" ">
    <subfield code="a">841</subfield>
  </datafield>
  <datafield tag="100" ind1=" " ind2=" ">
    <subfield code="a">&#x628;&#x62F;&#x631; &#x645;&#x62D;&#x645;&#x62F;&#x6CC;</subfield>
  </datafield>
  <datafield tag="245" ind1=" " ind2=" ">
    <subfield code="a">&#x6C1;&#x645; &#x639;&#x635;&#x631; &#x634;&#x639;&#x631;&#x6CC; &#x62C;&#x6C1;&#x627;&#x62A; :</subfield>
    <subfield code="b">&#x62A;&#x646;&#x642;&#x6CC;&#x62F;&#x6CC; &#x645;&#x636;&#x627;&#x645;&#x6CC;&#x646; /</subfield>
    <subfield code="c">&#x628;&#x62F;&#x631; &#x645;&#x62D;&#x645;&#x62F;&#x6CC;</subfield>
    <subfield code="h">&#x627; &#x631; &#x62F; &#x648;</subfield>
  </datafield>
  <datafield tag="246" ind1=" " ind2=" ">
    <subfield code="a">Hum asr sheri jehat (collection of critical essays) /</subfield>
    <subfield code="b">by Badr Mohammadi</subfield>
  </datafield>
  <datafield tag="260" ind1=" " ind2=" ">
    <subfield code="a">New Delhi</subfield>
    <subfield code="b">Educational Publishing House</subfield>
    <subfield code="c">2021 &#x621;</subfield>
  </datafield>
  <datafield tag="270" ind1=" " ind2=" ">
    <subfield code="a">H.O. D1/16, Ansari Road, Daryaganj</subfield>
    <subfield code="b">New Delhi</subfield>
    <subfield code="e">110002</subfield>
  </datafield>
  <datafield tag="300" ind1=" " ind2=" ">
    <subfield code="a">216 &#x635;</subfield>
    <subfield code="c">23cm(Hb)</subfield>
  </datafield>
  <datafield tag="942" ind1=" " ind2=" ">
    <subfield code="2">ddc</subfield>
    <subfield code="c">UR</subfield>
    <subfield code="h">841</subfield>
    <subfield code="m">&#x628; &#x62F; &#x631;</subfield>
  </datafield>
  <datafield tag="952" ind1=" " ind2=" ">
    <subfield code="0">0</subfield>
    <subfield code="1">0</subfield>
    <subfield code="4">0</subfield>
    <subfield code="7">0</subfield>
    <subfield code="8">NFIC</subfield>
    <subfield code="a">L</subfield>
    <subfield code="b">L</subfield>
    <subfield code="d">2022-12-09</subfield>
    <subfield code="e">DBAD/PUB</subfield>
    <subfield code="g">138.00</subfield>
    <subfield code="l">0</subfield>
    <subfield code="o">841 &#x628; &#x62F; &#x631;</subfield>
    <subfield code="p">U-10335</subfield>
    <subfield code="r">2022-12-09 00:00:00</subfield>
    <subfield code="t">1</subfield>
    <subfield code="v">138.00</subfield>
    <subfield code="w">2022-12-09</subfield>
    <subfield code="y">UR</subfield>
  </datafield>
</record>
